Bombay to Mumbai : (Record no. 62675)

MARC details
000 -LEADER
fixed length control field 01116naa a2200265 4500
005 - DATE AND TIME OF LATEST TRANSACTION
control field 20080924111043.0
010 ## - LCCN (DPL NO)
LC control number B-453654
020 ## - INTERNATIONAL STANDARD BOOK NUMBER
International Standard Book Number 8185026378
Terms of availability 3200.00
020 ## - INTERNATIONAL STANDARD BOOK NUMBER
International Standard Book Number 9788185026374
Terms of availability 3200.00
037 ## - SOURCE OF ACQUISITION
Source of stock number/acquisition BPPD / PUB/ R.B.C
037 ## - SOURCE OF ACQUISITION
Source of stock number/acquisition RBC/Ven
082 ## - DEWEY DECIMAL CLASSIFICATION NUMBER
Classification number 954.41
245 ## - TITLE STATEMENT
Title Bombay to Mumbai :
Statement of responsibility, etc edited by Peauline Rohatgi,Pheroza Godrej [and] Rahul Malhotra
Remainder of title changing perspectives /
260 ## - PUBLICATION, DISTRIBUTION, ETC. (IMPRINT)
Place of publication, distribution, etc Mumbai
Name of publisher, distributor, etc Marg Publications
Date of publication, distribution, etc 2006
270 ## - ADDRESS
Address National Centre for the Performing Arts,24, Homi Mody Street,
City Mumbay
Postal code 400001
300 ## - PHYSICAL DESCRIPTION
Extent 296p.
Dimensions 31cm.(Hb)
Other physical details Ill
500 ## - GENERAL NOTE
General note Includes index
610 ## - SUBJECT ADDED ENTRY--CORPORATE NAME
Corporate name or jurisdiction name as entry element International Labour Organisation
700 ## - ADDED ENTRY--PERSONAL NAME
Personal name Peauline Rohatgi
9 (RLIN) 41731
700 ## - ADDED ENTRY--PERSONAL NAME
Personal name Pheroza Godrej
9 (RLIN) 41836
700 ## - ADDED ENTRY--PERSONAL NAME
Personal name Rahul Malhotra
9 (RLIN) 41837
942 ## - ADDED ENTRY ELEMENTS (KOHA)
Institution code [OBSOLETE] dpl
Item type English Books
Source of classification or shelving scheme Dewey Decimal Classification
Call number suffix BOM
Classification part 954.41
Holdings
Withdrawn status Lost status Not for loan Collection code Home library Current library Date acquired Source of acquisition Cost, normal purchase price Full call number Barcode Copy number Cost, replacement price Koha item type
    Not For Loan Reference Central Library Central Library 21/02/2012 RBC Pub/26661/08.10.2011/76/04.3.11/29.11.11 3200.00 954.41 BOM B-453654 1 3200.00 English Books

© Delhi Public Library
Hit Counter
free hit counter